000 01003nam a2200229 i 4500
001 bg
100 1 _aLECH, Mieczysław
245 1 0 _aAbsorption radiometric system /
_cMieczysław Lech.
260 _aWrocław :
_bOficyna Wydawnicza PW,
_c1998.
300 _a66 s. :
_brys., wykr. ;
_c24 cm.
490 1 _aPrace Naukowe Instytutu Techniki Cieplnej i Mechaniki Płynów Politechniki Wrocławskiej. Monografie =
_aScientific Papers of the Institute of Heat Engineering and Fluid Mechanics of the Wrocław University of Technology. Monographs,
_x0324-9387 ;
_v29
500 _aStreszcz. ang. - Nr w serii gł. : 52.
504 _aBibliogr. s. 65-66.
650 9 _aPromieniowanie jonizujące
_xstosowanie
_xpomiary
650 9 _aAbsorpcja
_xurządzenia
830 0 _aPrace Naukowe Instytutu Techniki Cieplnej i Mechaniki Płynów Politechniki Wrocławskiej.
_pMonografie ;
_v29
040 _cBPK
041 0 _apl
_ben
080 _a537.5:532
942 _cKS
008 s pl f |000 0 pol
999 _c34497
_d34497
856 _uhttp://koha.tu.koszalin.pl/cgi-bin/koha/opac-detail.pl?biblionumber=34497
_yKatalog online BPK